000 00358nam a22001337a 4500
008 160523b xx9780131716421u||||| |||| 00| 0 eng d
020 _a9780131716421
020 _a9780131716421
020 _a0131716425
041 _aeng
080 _a615
245 _aFocus pharmaology essentials for health professionals:
_cJahangir Moini;
942 _2udc
_cBK
999 _c2384
_d2384